00777cam a22002297a 4500003000500000005001700005008004100022010001000063011001000073035001000083040000900093082001500102100001400117245011700131260011900248300003000367490003300397650002800430650002600458650003000484830003300514CHAP20220329134053.0971013s1979 r 00010 d a14976 a15948 a20025 cCHAP a551.4bG8300aGrant, K. 0aTerrain analysis and classification for engineering and conservation puirposes of the Port Clinton Area, Qold... aMelbourne :bCommonwealth Scientific and Industrial Research Organization. Division of Applied Geomechanics,c1979 a185 p.b: ilus. : gráfs 0aCSIRO. Technical paperv; 2914aSuelosxConservación.14aSuelosxIngeniería.14aTierrasxClasificación.0 aCSIRO. Technical paperv; 29